[Event "Lazy Baltic Pearl op-A 18th"]
[Site "Lazy"]
[Date "2022.07.02"]
[Round "7"]
[White "Pijewski, Milosz"]
[Black "Kusiak, Mateusz"]
[Result "1/2-1/2"]
[WhiteElo "1496"]
[BlackElo "1693"]
[PlyCount "76"]
[EventDate "2022.06.26"]
[EventType "swiss"]
[EventRounds "9"]
[EventCountry "POL"]
[SourceTitle "CBM 209 Extra"]
[Source "ChessBase"]
[SourceDate "2022.09.30"]
[SourceVersion "1"]
[SourceVersionDate "2022.09.30"]
[SourceQuality "1"]

1. d4 Nf6 2. Nf3 c5 3. d5 e6 4. c4 exd5 5. cxd5 g6 6. Nc3 d6 7. e4 Bg7 8. h3 0-0 9. Bd3 Re8 10. 0-0 Na6 11. a3 c4 12. Bxc4 Nxe4 13. Nxe4 Rxe4 14. Bd3 Re8 15. Bg5 Qa5 16. b4 Qb6 17. Qa4 Nc7 18. Rae1 Bf5 19. Be3 Rxe3 20. Rxe3 Bh6 21. Bxf5 Bxe3 22. fxe3 Qxe3+ 23. Kh1 gxf5 24. Qd7 Qd3 25. Re1 Nxd5 26. Qxd6 Qc4 27. Qd7 Nf4 28. Qxf5 Ng6 29. Ne5 Nxe5 30. Qxe5 Rc8 31. Qg5+ Kf8 32. Qh6+ Kg8 33. Re3 Qc1+ 34. Kh2 Qa1 35. Rg3+ Kh8 36. Qg5 Qb2 37. Qg4 Re8 38. a4 Qe5 1/2-1/2

[Event "Lazy Baltic Pearl op-A 18th"]
[Site "Lazy"]
[Date "2022.07.01"]
[Round "6"]
[White "Hasinski, Krystian"]
[Black "Pijewski, Milosz"]
[Result "1/2-1/2"]
[WhiteElo "1714"]
[BlackElo "1496"]
[PlyCount "123"]
[EventDate "2022.06.26"]
[EventType "swiss"]
[EventRounds "9"]
[EventCountry "POL"]
[SourceTitle "CBM 209 Extra"]
[Source "ChessBase"]
[SourceDate "2022.09.30"]
[SourceVersion "1"]
[SourceVersionDate "2022.09.30"]
[SourceQuality "1"]

1. c4 Nf6 2. Nc3 e6 3. d4 d5 4. e3 Bb4 5. Bd2 0-0 6. a3 Be7 7. Nf3 Nbd7 8. b4 dxc4 9. Bxc4 b6 10. 0-0 Bb7 11. Qe2 c5 12. b5 Rc8 13. Bb3 Qc7 14. Rfc1 e5 15. dxc5 Nxc5 16. Na4 Bxf3 17. Qxf3 Qd7 18. Nxc5 Qxd2 19. Rc2 Qa5 20. Ne4 Qxb5 21. Nxf6+ Bxf6 22. Rxc8 Rxc8 23. e4 Qc5 24. g3 Qc3 25. Qxc3 Rxc3 26. Bd5 Be7 27. a4 Bc5 28. Ra2 Kf8 29. Kg2 g5 30. h3 h5 31. Re2 Ke7 32. Rd2 f6 33. h4 gxh4 34. gxh4 Ra3 35. Bc6 Bd4 36. Re2 Rc3 37. Bb5 Rc1 38. Ra2 Rc8 39. Be2 Rg8+ 40. Kf1 Rc8 41. a5 bxa5 42. Rxa5 Rc1+ 43. Kg2 Rc2 44. Kf1 Kd6 45. Ra3 Ke6 46. Ra4 Rc3 47. Kg2 f5 48. Ra2 fxe4 49. Bxh5 Kf5 50. Be2 Kf4 51. h5 Rc7 52. Ra6 Bb6 53. Ra3 e3 54. fxe3+ Bxe3 55. Ra4+ e4 56. Bd3 Rg7+ 57. Kh2 Re7 58. Kg2 Re5 59. h6 Rg5+ 60. Kf1 Rg1+ 61. Ke2 Rg2+ 62. Kf1 1/2-1/2

[Event "POL Olympiad U12"]
[Site "Spala"]
[Date "2014.12.30"]
[Round "3.16"]
[White "Maciejewski, Kamil"]
[Black "Pijewski, Milosz"]
[Result "1-0"]
[WhiteElo "1384"]
[BlackElo "1572"]
[PlyCount "117"]
[EventDate "2014.04.06"]
[EventType "swiss"]
[EventRounds "9"]
[EventCountry "POL"]
[SourceTitle "EXT 2023"]
[Source "ChessBase"]
[SourceDate "2022.10.05"]
[SourceVersion "1"]
[SourceVersionDate "2022.10.05"]
[SourceQuality "1"]

1. e4 c6 2. Nc3 d5 3. Nf3 Bg4 4. h3 Bxf3 5. Qxf3 dxe4 6. Nxe4 Nd7 7. d4 Ngf6 8. Ng3 e6 9. Bc4 Qa5+ 10. Bd2 Qb6 11. Bc3 Bd6 12. 0-0-0 0-0-0 13. Rhe1 Kb8 14. Kb1 Rc8 15. Ne4 Nxe4 16. Rxe4 Nf6 17. Re3 Rhf8 18. Bd2 Qxd4 19. Bb4 Qxc4 20. Bxd6+ Ka8 21. Bxf8 Rxf8 22. Qe2 Qb4 23. Red3 Kb8 24. Rd8+ Rxd8 25. Rxd8+ Kc7 26. Qd2 Qc5 27. Qd4 Qxd4 28. Rxd4 h6 29. Kc1 e5 30. Rd3 Nd5 31. Rg3 g6 32. Rf3 f5 33. Rg3 g5 34. h4 f4 35. Ra3 a6 36. hxg5 hxg5 37. Rh3 Nf6 38. Rh6 Ng4 39. Rh7+ Kd6 40. Rxb7 Nxf2 41. Ra7 Ng4 42. Rg7 Ne3 43. Rxg5 Ke6 44. Kd2 Kf6 45. Rg8 Kf7 46. Rc8 Nxg2 47. Ke2 Ke6 48. Rxc6+ Kf5 49. Rxa6 e4 50. b4 f3+ 51. Kf2 Nf4 52. Rh6 Kg4 53. b5 e3+ 54. Kxe3 Kg3 55. Rh1 Nd5+ 56. Kd4 Kg2 57. Ra1 Nb6 58. Kc5 Na4+ 59. Kc6 1-0

[Event "POL Olympiad U12"]
[Site "Spala"]
[Date "2014.12.30"]
[Round "2.16"]
[White "Pijewski, Milosz"]
[Black "Posluszny, Tomasz"]
[Result "1/2-1/2"]
[WhiteElo "1572"]
[BlackElo "1451"]
[PlyCount "85"]
[EventDate "2014.04.06"]
[EventType "swiss"]
[EventRounds "9"]
[EventCountry "POL"]
[SourceTitle "EXT 2023"]
[Source "ChessBase"]
[SourceDate "2022.10.05"]
[SourceVersion "1"]
[SourceVersionDate "2022.10.05"]
[SourceQuality "1"]

1. e4 e5 2. Nf3 Nf6 3. Nc3 Nc6 4. d3 Be7 5. Be2 0-0 6. 0-0 d6 7. Be3 Bd7 8. h3 Re8 9. Qd2 Bf8 10. Rfe1 g6 11. Nh2 Qc8 12. Rad1 Bg7 13. a3 Ne7 14. Bf3 c5 15. Qe2 a6 16. Bg5 b5 17. b3 b4 18. Nb1 Nc6 19. a4 Nd4 20. Qd2 Be6 21. Be3 Nc6 22. Qc1 Nd7 23. Nd2 Nb6 24. Nc4 Nxc4 25. dxc4 Nd4 26. Bxd4 cxd4 27. Qd2 a5 28. Nf1 Qd8 29. Ng3 Rc8 30. Qe2 Rf8 31. Rd3 Bh6 32. Nf1 Rc7 33. Nd2 Qg5 34. Kh1 Kh8 35. Rg1 Qh4 36. Re1 f5 37. Rf1 Rcf7 38. Kg1 Bxd2 39. Rxd2 fxe4 40. Bxe4 Rf4 41. g3 Qg5 42. Bg2 R4f7 43. Rd3 1/2-1/2

[Event "Kochan Memorial op 25th"]
[Site "Koszalin"]
[Date "2014.08.14"]
[Round "4"]
[White "Pijewski, Milosz"]
[Black "Majewski, Krzysztof"]
[Result "1-0"]
[WhiteElo "1545"]
[BlackElo "1223"]
[PlyCount "93"]
[EventDate "2014.08.10"]
[EventType "swiss"]
[EventRounds "9"]
[EventCountry "POL"]
[SourceTitle "CBM 161 Extra"]
[Source "ChessBase"]
[SourceDate "2014.08.29"]
[SourceVersion "1"]
[SourceVersionDate "2014.08.29"]
[SourceQuality "1"]

1. e4 c5 2. Nf3 Nc6 3. d4 cxd4 4. Nxd4 g6 5. Nc3 Bg7 6. Be3 a6 7. Be2 Nf6 8. 0-0 0-0 9. Qd2 b5 10. a3 Bb7 11. f3 Qc7 12. Bf2 Rac8 13. Rfd1 Rfd8 14. Qe1 Nxd4 15. Bxd4 e5 16. Be3 d5 17. exd5 Nxd5 18. Nxd5 Rxd5 19. Rxd5 Bxd5 20. Bd3 Bc4 21. Rc1 h6 22. Qd2 Kh7 23. b3 Bxd3 24. cxd3 Qxc1+ 25. Qxc1 Rxc1+ 26. Bxc1 g5 27. Kf2 Kg6 28. Ke3 Kf5 29. Bb2 Ke6 30. d4 f5 31. Kd3 Kd5 32. dxe5 Bxe5 33. Bxe5 Kxe5 34. Kc3 g4 35. fxg4 f4 36. Kd3 a5 37. h4 a4 38. b4 f3 39. gxf3 Kf4 40. Kd4 Kxf3 41. g5 h5 42. g6 Kg4 43. g7 Kxh4 44. g8Q Kh3 45. Qg1 h4 46. Qh1+ Kg3 47. Kc5 1-0

[Event "POL-chT U19 45th"]
[Site "Maslow Pierwszy"]
[Date "2014.07.28"]
[Round "4"]
[White "Pijewski, Milosz"]
[Black "Koziol, Kamil"]
[Result "0-1"]
[WhiteElo "1530"]
[BlackElo "2090"]
[PlyCount "92"]
[EventDate "2014.07.25"]
[EventType "team-tourn"]
[EventRounds "9"]
[EventCountry "POL"]
[SourceTitle "EXT 2015"]
[Source "ChessBase"]
[SourceDate "2014.11.20"]
[SourceVersion "1"]
[SourceVersionDate "2014.11.20"]
[SourceQuality "1"]
[WhiteTeam "Koszalin Hetman Politechnika U19"]
[BlackTeam "Rybnik MKSz U19"]
[WhiteTeamCountry "POL"]
[BlackTeamCountry "POL"]

1. e4 c5 2. Nf3 Nc6 3. d4 cxd4 4. Nxd4 Qc7 5. Nc3 e6 6. Be3 a6 7. a3 Nf6 8. Be2 Be7 9. 0-0 0-0 10. f4 d6 11. Bf3 Bd7 12. Qe2 Nxd4 13. Bxd4 Bc6 14. Rad1 b5 15. g3 Rfd8 16. Rd2 Qb7 17. Re1 b4 18. axb4 Qxb4 19. Na2 Qa5 20. Nc1 Qc7 21. Nd3 d5 22. e5 Nd7 23. Qe3 Bb5 24. Be2 a5 25. Rc1 a4 26. c3 Rdb8 27. Ra1 Bc4 28. Bd1 a3 29. b4 Nb6 30. Nc5 Bb5 31. Bb3 Nc4 32. Bxc4 Bxc4 33. Qe1 Bxc5 34. Bxc5 Qc6 35. Qc1 a2 36. Rd1 Ra4 37. Bd4 Qb5 38. Qb2 Rba8 39. Rdc1 Bd3 40. Rd1 Bb1 41. Rc1 g6 42. Kf2 Ra3 43. Qe2 Qa4 44. Qd1 Rb3 45. Raxb1 axb1Q 46. Rxb1 Qa2+ 0-1

[Event "Kochan Memorial op 24th"]
[Site "Koszalin"]
[Date "2013.08.12"]
[Round "4"]
[White "Pijewski, Milosz"]
[Black "Oglaza, Oskar"]
[Result "0-1"]
[WhiteElo "1516"]
[BlackElo "1512"]
[PlyCount "70"]
[EventDate "2013.08.10"]
[EventType "swiss"]
[EventRounds "9"]
[EventCountry "POL"]
[SourceTitle "CBM 155 Extra"]
[Source "ChessBase"]
[SourceDate "2013.08.26"]
[SourceVersion "1"]
[SourceVersionDate "2013.08.26"]
[SourceQuality "1"]

1. d4 d5 2. c4 e6 3. e3 Nf6 4. Nc3 c6 5. Nf3 Nbd7 6. Bd2 Be7 7. Qc2 h6 8. Bd3 dxc4 9. Bxc4 b5 10. Bd3 Bb7 11. a3 a5 12. 0-0 0-0 13. e4 Nb6 14. h3 Rc8 15. Rac1 b4 16. axb4 axb4 17. Ne2 c5 18. dxc5 Bxc5 19. Qb1 Qe7 20. Ng3 Rfd8 21. Bf4 Nbd7 22. Rfd1 Bb6 23. Bd2 Qd6 24. Be1 Qxg3 25. Kf1 Qb8 26. Bxb4 Nc5 27. Bxc5 Rxc5 28. Rxc5 Bxc5 29. b4 Bb6 30. Ke2 Qf4 31. b5 Nxe4 32. Bxe4 Rxd1 33. Qxd1 Qxe4+ 34. Kf1 Qc4+ 35. Qe2 Bd5 0-1

[Event "Kochan Memorial op 24th"]
[Site "Koszalin"]
[Date "2013.08.11"]
[Round "2"]
[White "Pijewski, Milosz"]
[Black "Malaniuk, Vladimir P"]
[Result "0-1"]
[WhiteElo "1516"]
[BlackElo "2528"]
[PlyCount "104"]
[EventDate "2013.08.10"]
[EventType "swiss"]
[EventRounds "9"]
[EventCountry "POL"]
[SourceTitle "CBM 155 Extra"]
[Source "ChessBase"]
[SourceDate "2013.08.26"]
[SourceVersion "1"]
[SourceVersionDate "2013.08.26"]
[SourceQuality "1"]

1. e4 e5 2. Nf3 Nc6 3. Bc4 Nf6 4. d3 Be7 5. Be3 0-0 6. c3 d5 7. exd5 Nxd5 8. 0-0 a6 9. d4 exd4 10. Nxd4 Nxe3 11. fxe3 Ne5 12. Bb3 c5 13. Nf3 Qxd1 14. Rxd1 c4 15. Nxe5 cxb3 16. axb3 Bc5 17. Kf2 Re8 18. Rd5 Ba7 19. Nc4 Be6 20. Rd3 Rad8 21. Rxd8 Rxd8 22. Na5 Bc8 23. Nc4 Rd1 24. Ncd2 Bf5 25. Ke2 Rg1 26. Kf2 Rc1 27. h3 Bd3 28. b4 f5 29. c4 Kf7 30. b3 f4 31. c5 Bb8 32. b5 Bxb5 33. Ra5 Rc2 34. Kf3 Bc6+ 35. e4 Bc7 36. Ra3 Rxc5 37. Nc4 Rg5 38. Nbd2 Rg3+ 39. Kf2 Kf6 40. Ra1 Rc3 41. Ra2 g5 42. Ra1 h5 43. Ra2 Bb8 44. Ra5 Ba7+ 45. Ke2 Bb5 46. Kf1 g4 47. hxg4 hxg4 48. e5+ Ke6 49. Ne4 Rxb3 50. Ned6 Rb1+ 51. Ke2 Bxc4+ 52. Nxc4 Rg1 0-1

[Event "POL-chT U19 1st League"]
[Site "Karpacz"]
[Date "2013.07.29"]
[Round "8"]
[White "Pijewski, Milosz"]
[Black "Nitychoruk, Jacek"]
[Result "1-0"]
[WhiteElo "1489"]
[BlackElo "1369"]
[PlyCount "85"]
[EventDate "2013.07.22"]
[EventType "team-tourn"]
[EventRounds "9"]
[EventCountry "POL"]
[SourceTitle "EXT 2014"]
[Source "ChessBase"]
[SourceDate "2013.11.20"]
[SourceVersion "1"]
[SourceVersionDate "2013.11.20"]
[SourceQuality "1"]
[WhiteTeam "Koszalin Hetman Politechnika U19"]
[BlackTeam "Raciborz KSz Silesia U19"]
[WhiteTeamCountry "POL"]
[BlackTeamCountry "POL"]

1. e4 g6 2. d4 Bg7 3. Nc3 c6 4. f4 d5 5. e5 Nh6 6. Be3 f6 7. Nf3 Bg4 8. Be2 0-0 9. Qd2 Nf5 10. Bf2 Bxf3 11. Bxf3 fxe5 12. dxe5 e6 13. h4 h5 14. g4 hxg4 15. Bxg4 Kf7 16. h5 Rh8 17. hxg6+ Kxg6 18. 0-0-0 Nd7 19. Rdg1 Kf7 20. Bxf5 exf5 21. Qd3 Rxh1 22. Qxf5+ Kg8 23. Rxh1 Nf8 24. Bc5 Qd7 25. Qh5 b6 26. Bd6 Qe8 27. Qh4 Qg6 28. Qh5 Re8 29. Bxf8 Qxh5 30. Rxh5 Kxf8 31. Ne2 Kf7 32. Nd4 c5 33. Nf5 Re6 34. Nxg7 Kxg7 35. Kd2 Kg6 36. Rg5+ Kf7 37. Ke3 b5 38. Kf3 a5 39. Kg4 c4 40. Kf5 d4 41. Ke4 d3 42. cxd3 cxd3 43. Kxd3 1-0

[Event "POL-chT U19 1st League"]
[Site "Karpacz"]
[Date "2013.07.26"]
[Round "4"]
[White "Psyk, Radoslaw"]
[Black "Pijewski, Milosz"]
[Result "1-0"]
[WhiteElo "1805"]
[BlackElo "1489"]
[PlyCount "55"]
[EventDate "2013.07.22"]
[EventType "team-tourn"]
[EventRounds "9"]
[EventCountry "POL"]
[SourceTitle "EXT 2014"]
[Source "ChessBase"]
[SourceDate "2013.11.20"]
[SourceVersion "1"]
[SourceVersionDate "2013.11.20"]
[SourceQuality "1"]
[WhiteTeam "Czarna LKSz GCKiP U19"]
[BlackTeam "Koszalin Hetman Politechnika U19"]
[WhiteTeamCountry "POL"]
[BlackTeamCountry "POL"]

1. e4 c6 2. d4 d5 3. Nc3 dxe4 4. Nxe4 Bf5 5. Ng3 Bg6 6. Nh3 e6 7. Nf4 Bd6 8. h4 Bxf4 9. Bxf4 h6 10. Be2 Nf6 11. c3 Qb6 12. Qd2 0-0 13. 0-0 Nbd7 14. c4 c5 15. d5 Rad8 16. Rfd1 exd5 17. cxd5 Rfe8 18. a4 Ne5 19. Bxe5 Rxd5 20. Qxd5 Nxd5 21. Rxd5 Rd8 22. a5 Qb4 23. Rxd8+ Kh7 24. h5 Bc2 25. Rc1 Qxa5 26. Rd5 Ba4 27. Rdxc5 Qb6 28. Bd3+ 1-0

[Event "Guzinsky Memorial-B 6th"]
[Site "Lazy"]
[Date "2013.05.04"]
[Round "8"]
[White "Kanarek, Marian"]
[Black "Pijewski, Milosz"]
[Result "1/2-1/2"]
[WhiteElo "1469"]
[BlackElo "1516"]
[PlyCount "74"]
[EventDate "2013.04.28"]
[EventType "swiss"]
[EventRounds "9"]
[EventCountry "POL"]
[SourceTitle "EXT 2015"]
[Source "ChessBase"]
[SourceDate "2014.11.20"]
[SourceVersion "1"]
[SourceVersionDate "2014.11.20"]
[SourceQuality "1"]

1. e4 Nc6 2. Nf3 d6 3. d4 Nf6 4. Nc3 Bg4 5. h3 Bxf3 6. gxf3 g6 7. Bb5 a6 8. Ba4 d5 9. e5 Ng8 10. Bg5 h6 11. Be3 e6 12. Ne2 Nge7 13. c3 Nf5 14. Ng3 Nxe3 15. fxe3 Qh4 16. Kf2 f5 17. f4 g5 18. Qh5+ Qxh5 19. Nxh5 b5 20. Bc2 Kf7 21. Rag1 Be7 22. Ng3 Rhg8 23. Bd1 Raf8 24. Bh5+ Kg7 25. Ne2 Kh7 26. Rg2 Rg7 27. Rhg1 Rfg8 28. Nc1 Na5 29. b3 Nb7 30. Nd3 c5 31. Ne1 cxd4 32. cxd4 gxf4 33. Rxg7+ Rxg7 34. Rxg7+ Kxg7 35. exf4 Bh4+ 36. Ke2 Bxe1 37. Kxe1 b4 1/2-1/2

[Event "POL Olympiad U14"]
[Site "Walbrzych"]
[Date "2013.??.??"]
[Round "5.17"]
[White "Laszczak, Przemyslaw"]
[Black "Pijewski, Milosz"]
[Result "1-0"]
[WhiteElo "1506"]
[BlackElo "1516"]
[PlyCount "39"]
[EventDate "2013.04.??"]
[EventType "team-swiss"]
[EventRounds "9"]
[EventCountry "POL"]
[SourceTitle "EXT 2014"]
[Source "ChessBase"]
[SourceDate "2013.11.20"]
[SourceVersion "1"]
[SourceVersionDate "2013.11.20"]
[SourceQuality "1"]

1. e4 c6 2. d4 d5 3. exd5 cxd5 4. c4 Nf6 5. Nc3 dxc4 6. Bxc4 Bg4 7. Qb3 Qc7 8. Bxf7+ Kd8 9. Nb5 Qb6 10. Bf4 Kd7 11. Bc7 Qc6 12. d5 Qc5 13. f3 Bf5 14. Ne2 a6 15. Nbd4 Qxc7 16. Nxf5 g6 17. Nfd4 Bg7 18. Ne6 Qa5+ 19. Kf1 b5 20. Nxg7 1-0

[Event "POL Olympiad U14"]
[Site "Walbrzych"]
[Date "2013.??.??"]
[Round "3.19"]
[White "Twardowski, Hubert"]
[Black "Pijewski, Milosz"]
[Result "1-0"]
[WhiteElo "1353"]
[BlackElo "1516"]
[PlyCount "107"]
[EventDate "2013.04.??"]
[EventType "team-swiss"]
[EventRounds "9"]
[EventCountry "POL"]
[SourceTitle "EXT 2014"]
[Source "ChessBase"]
[SourceDate "2013.11.20"]
[SourceVersion "1"]
[SourceVersionDate "2013.11.20"]
[SourceQuality "1"]

1. e4 Nc6 2. Nf3 d6 3. d4 Nf6 4. Nc3 Bg4 5. Be3 Qd7 6. h3 Bh5 7. g4 Bg6 8. d5 Nd8 9. Bd3 e5 10. Nh2 Be7 11. h4 h6 12. f3 a6 13. a4 c6 14. a5 cxd5 15. exd5 Bxd3 16. Qxd3 Rc8 17. Kd2 Qc7 18. Bb6 Qc4 19. Qxc4 Rxc4 20. Kd3 Rc8 21. Nf1 Nd7 22. Na4 Rf8 23. Ne3 g6 24. h5 Bg5 25. Nc4 Ke7 26. Be3 Bxe3 27. Nxe3 Rh8 28. Rh2 Nc5+ 29. Nxc5 Rxc5 30. c4 Kd7 31. b4 Rc7 32. Rc1 g5 33. Nf5 f6 34. Rhc2 Nf7 35. Ke4 Rg8 36. Ne3 Rf8 37. Kf5 Ke7 38. c5 Rfc8 39. c6 Rb8 40. cxb7 Rxc2 41. Rxc2 Rxb7 42. Rc4 Nh8 43. Ke4 Nf7 44. Nf5+ Kd7 45. Ng7 Rb5 46. Ne6 Rb7 47. Kf5 Ke7 48. Rc7+ Rxc7 49. Nxc7 Kd7 50. Nxa6 Kc8 51. Kxf6 e4 52. fxe4 Ne5 53. Kf5 Nd3 54. Kg6 1-0

[Event "Kochan Memorial op 23rd"]
[Site "Koszalin"]
[Date "2012.08.14"]
[Round "4"]
[White "Zimochocki, Roman"]
[Black "Pijewski, Milosz"]
[Result "1/2-1/2"]
[WhiteElo "1805"]
[BlackElo "1511"]
[PlyCount "74"]
[EventDate "2012.08.11"]
[EventType "swiss"]
[EventRounds "9"]
[EventCountry "POL"]
[SourceTitle "CBM 149 Extra"]
[Source "ChessBase"]
[SourceDate "2012.08.24"]
[SourceVersion "1"]
[SourceVersionDate "2012.08.24"]
[SourceQuality "1"]

1. d4 d5 2. Nf3 c6 3. c3 Bf5 4. Bf4 Nd7 5. e3 e6 6. Be2 Ngf6 7. Nbd2 Be7 8. 0-0 0-0 9. Ne5 Nxe5 10. Bxe5 Nd7 11. Bg3 Qb6 12. Qb3 c5 13. Rac1 c4 14. Qxb6 Nxb6 15. Bd1 Bd3 16. Re1 a6 17. Bc2 Bxc2 18. Rxc2 Nd7 19. e4 Bf6 20. f4 b5 21. Nf3 dxe4 22. Rxe4 Nb6 23. Bf2 Nd5 24. Ne5 Bxe5 25. dxe5 Rfd8 26. Bc5 Nc7 27. Bd4 Nd5 28. g4 g6 29. h4 Kg7 30. f5 Rg8 31. Kh2 gxf5 32. gxf5 Kh6 33. Rf2 Rg7 34. fxe6 fxe6 35. Be3+ Kh5 36. Bg5 h6 37. Bf6 Rg6 1/2-1/2

[Event "POL-chT U19 43th"]
[Site "Suchedniow"]
[Date "2012.07.??"]
[Round "3"]
[White "Szostko, Jakub"]
[Black "Pijewski, Milosz"]
[Result "1-0"]
[WhiteElo "1740"]
[BlackElo "1509"]
[PlyCount "97"]
[EventDate "2012.07.21"]
[EventType "team-tourn"]
[EventRounds "9"]
[EventCountry "POL"]
[SourceTitle "EXT 2014"]
[Source "ChessBase"]
[SourceDate "2013.11.20"]
[SourceVersion "1"]
[SourceVersionDate "2013.11.20"]
[SourceQuality "1"]
[WhiteTeam "Bialystok MUKS Stoczek 45 U19"]
[BlackTeam "Koszalin Hetman Politechnika U19"]
[WhiteTeamCountry "POL"]
[BlackTeamCountry "POL"]

1. e4 c6 2. Nc3 d5 3. Nf3 e6 4. d4 Nd7 5. Bd3 dxe4 6. Nxe4 Ngf6 7. Nxf6+ Nxf6 8. 0-0 Be7 9. Bg5 0-0 10. c3 h6 11. Bh4 c5 12. dxc5 Bxc5 13. Qc2 Be7 14. Rad1 Qc7 15. Rfe1 Bd7 16. Ne5 Bc6 17. Bg3 Bd6 18. Ng4 Bxg3 19. Nxf6+ gxf6 20. fxg3 f5 21. Qe2 Qd8 22. Bb1 Qf6 23. Rf1 Qg5 24. Rf4 h5 25. Rh4 Kg7 26. Rxh5 Qf6 27. Qe3 Rh8 28. Rxh8 Rxh8 29. Qxa7 Qh6 30. Qd4+ f6 31. h4 Qg6 32. Qf2 Qg4 33. Re1 Bd5 34. b3 b5 35. Bd3 f4 36. Qxf4 Qxf4 37. gxf4 Rxh4 38. Be4 Rxf4 39. Bxd5 exd5 40. Re7+ Kg6 41. Rb7 Kf5 42. Rxb5 Ke6 43. Rb4 Rxb4 44. cxb4 Ke5 45. Kf2 Kd4 46. b5 Kc5 47. a4 d4 48. Ke2 f5 49. Kd3 1-0

[Event "Koszalin op"]
[Site "Koszalin"]
[Date "2012.??.??"]
[Round "8"]
[White "Pijewski, Milosz"]
[Black "Ziobrowska, Danuta"]
[Result "0-1"]
[WhiteElo "1537"]
[BlackElo "1630"]
[PlyCount "96"]
[EventDate "2012.01.06"]
[EventType "swiss"]
[EventRounds "9"]
[EventCountry "POL"]
[SourceTitle "CBM 146 Extra"]
[Source "ChessBase"]
[SourceDate "2012.02.29"]
[SourceVersion "1"]
[SourceVersionDate "2012.02.29"]
[SourceQuality "1"]

1. e4 c6 2. d4 d5 3. Nc3 dxe4 4. Nxe4 Bf5 5. Ng3 Bg6 6. h4 h6 7. h5 Bh7 8. Nf3 Nd7 9. Bd3 Bxd3 10. Qxd3 Ngf6 11. Bd2 e6 12. 0-0-0 Bd6 13. Ne4 Nxe4 14. Qxe4 Nf6 15. Qe2 Qc7 16. Kb1 0-0-0 17. c4 c5 18. Bc3 Rhg8 19. dxc5 Qxc5 20. b4 Qf5+ 21. Ka1 Bc7 22. Qe3 Kb8 23. Bd4 a6 24. Bb6 Ng4 25. Qc5 Qxc5 26. Bxc5 b6 27. Be7 Rxd1+ 28. Rxd1 Nxf2 29. Rd4 f6 30. Bd6 e5 31. Bxc7+ Kxc7 32. Rd5 Rd8 33. Rxd8 Kxd8 34. Kb2 Kd7 35. Kc3 Ne4+ 36. Kd3 Ng3 37. Ke3 Nxh5 38. Ke4 g6 39. Nxe5+ fxe5 40. Kxe5 Kc6 41. g4 Ng3 42. Kf6 h5 43. gxh5 gxh5 44. Kg5 Ne4+ 45. Kxh5 Nd2 46. Kg4 Nxc4 47. Kf4 Kb5 48. Ke4 Kxb4 0-1

[Event "Gryfice Region-ch 09th"]
[Site "Gryfice"]
[Date "2011.11.05"]
[Round "3"]
[White "Pijewski, Milosz"]
[Black "Karwowski, Kacper"]
[Result "0-1"]
[WhiteElo "1550"]
[BlackElo "1822"]
[PlyCount "76"]
[EventDate "2011.11.05"]
[EventType "swiss"]
[EventRounds "9"]
[EventCountry "POL"]
[SourceTitle "EXT 2023"]
[Source "ChessBase"]
[SourceDate "2022.10.05"]
[SourceVersion "1"]
[SourceVersionDate "2022.10.05"]
[SourceQuality "1"]

1. e4 c5 2. Nf3 e6 3. d4 cxd4 4. Nxd4 Nc6 5. Nc3 a6 6. Be2 Qc7 7. Be3 Nf6 8. 0-0 Bb4 9. f3 0-0 10. Nxc6 Qxc6 11. Bd4 d6 12. a3 Bc5 13. Bxc5 Qxc5+ 14. Kh1 b5 15. Qd3 Bb7 16. Rad1 d5 17. e5 Nd7 18. f4 f5 19. Bf3 Rac8 20. Rd2 Qc4 21. Qd4 Qxf1+ 22. Qg1 Qxg1+ 23. Kxg1 Nc5 24. Kf2 Ne4+ 25. Bxe4 fxe4 26. Ke3 Rf7 27. g3 Rfc7 28. Re2 Rc4 29. Rd2 Kf7 30. h3 Rd8 31. Ke2 d4 32. Nd1 e3 33. Rd3 Rxc2+ 34. Ke1 Rh2 35. h4 Be4 36. Rb3 Bf3 37. Nxe3 dxe3 38. Rxe3 Rd1# 0-1